Normal view
MARC view
- حوى، فاتن حسن
Entry Personal Name
001 - CONTROL NUMBER
- control field: 50735
003 - CONTROL NUMBER IDENTIFIER
- control field: JO-AjAnu
005 - DATE AND TIME OF LATEST TRANSACTION
- control field: 20230606082342.0
008 - FIXED-LENGTH DATA ELEMENTS
- fixed length control field: 230606|| aca||aabn | a|a d
040 ## - CATALOGING SOURCE
- Original cataloging agency: JO-AjAnu
- Transcribing agency: JO-AjAnu
100 ## - HEADING--PERSONAL NAME
- Personal name: حوى، فاتن حسن
670 ## - SOURCE DATA FOUND
- Source citation: Work cat.: (JO-AjAnu)25935: حوى، فاتن حسن , author, المواقع الإلكترونية وحقوق الملكية الفكرية